Peoplemetre ako nástroj na účinné kreovanie programových štruktúr

Peoplemetre ako jednotná mena merania sledovanosti. Zavedenie a pervádzka peoplemetrov na Slovensku. Vplyv výsledkov peoplemetrového merania na programy.

Gespeichert in:
Bibliographische Detailangaben
1. Verfasser: Barmošová, Lucia
Format: Buchkapitel
Sprache:Slowakisch
Schlagworte:
Tags: Tag hinzufügen
Keine Tags, Fügen Sie das erste Tag hinzu!

MARC

LEADER 00000naa a2200000 4500
001 0168521
005 20220726121033.1
041 0 |a slo 
044 |a SK 
245 1 0 |a Peoplemetre ako nástroj na účinné kreovanie programových štruktúr  |c Lucia Barmošová 
520 |a Peoplemetre ako jednotná mena merania sledovanosti. Zavedenie a pervádzka peoplemetrov na Slovensku. Vplyv výsledkov peoplemetrového merania na programy. 
610 2 0 |a televízia 
610 2 0 |a reklama 
610 2 0 |a informácie 
610 2 0 |a meranie 
610 2 0 |a konkurencia 
610 2 0 |a publicistika 
100 1 |a Barmošová, Lucia